000 00876nam a2200205 a 4500
001 000041726
005 20201002035724.0
008 131016s1985 sp 001 0 spa d
020 _a8400059875
040 _aDO-SdBNP
_bspa
_cBNPHU
082 _axxx
_bxxx
245 0 0 _aMemorias Políticas y Económicas del Consulado de Veracruz :
_b1796-1822 /
_cedición y estudio preliminar de Javier Ortíz de la Tabla Ducasse.
260 _aSevilla, :
_bEscuela de Estudios Hispano-Americanos de Sevilla,
_c1985.
300 _aLXXXVII, 320 P. ;
_c25 cm.
490 1 _aPublicaciones de la Escuela de Estudios Hispano-Americanos de Sevilla,
500 _aIncluye notas al pie de página
500 _aIncluye índice de nombres y lugares
700 1 _aOrtíz de la Tabla Ducasse, Javier
_930486
830 0 _aPublicaciones de la Escuela de Estudios Hispano-Americanos de Sevilla,
_930488
999 _c41215
_d41215